000 00482nam a2200157Ia 4500
008 151213s9999 xx 000 0 und d
100 _aওমর শাম্স।
245 _aবোধিবক্ষ তলে।
_cওমর শাম্স।
250 _a২য় সং
260 _aঢাকা
_bমিসিং লিংক।
_c1998
300 _a4435 p.
650 _aBangla
650 _aসংগীত
700 _aওমর শাম্স।
999 _c2810
_d2810